[Event "4NCL u175 Section"]
[Site "De Vere High Wycombe ENG"]
[Date "2014.04.26"]
[Round "1.21"]
[White "Cheslavskiy, Maksim"]
[Black "de Coverly, Roger D"]
[Result "0-1"]
[WhiteElo "186"]
[BlackElo "181"]
[EventDate "2014.04.26"]
[PlyCount "102"]
[WhiteTeam "Wanstead & Woodford 1"]
[BlackTeam "Bourne End"]

1.d4 Nf6 2.Nf3 g6 3.Bf4 Bg7 4.e3 O-O 5.Be2 c5 6.c3 b6 7.Nbd2 Bb7 8.O-O d6 
9.h3 Nbd7 10.a4 a6 11.Bh2 Rc8 12.Re1 Qc7 13.Nc4 Qb8 14.Nfd2 Rfe8 15.Bf3 
Bxf3 16.Qxf3 b5 17.axb5 axb5 18.Na5 Qb6 19.Ra2 e5 20.dxe5 dxe5 21.Rea1 c4 
22.Qb7 Qc5 23.Ne4 Nxe4 24.Qxe4 f5 25.Qb7 Nb6 26.Nb3 Qc6 27.Qxc6 Rxc6 28.
Nd2 Na4 29.Kf1 e4 30.Ke2 Rd8 31.f3 Bxc3 32.bxc3 Nxc3+ 33.Ke1 Nxa2 34.Rxa2 
c3 35.Nb3 c2 36.Ra1 exf3 37.gxf3 Rc3 38.Nc1 Rxe3+ 39.Kf2 Re6 40.Ra2 Rd2+ 
41.Kg3 f4+ 42.Kxf4 Rxh2 43.Ra8+ Kf7 44.Rc8 b4 45.Rc4 Rb6 46.Nd3 Rxh3 47.
Rxc2 Rf6+ 48.Kg4 Rfxf3 49.Rc7+ Kf6 50.Rc6+ Kg7 51.Rc7+ Kh6 0-1

[Event "4NCL u175 Section"]
[Site "De Vere High Wycombe ENG"]
[Date "2014.04.26"]
[Round "1.22"]
[White "James, Stephen B"]
[Black "Marden, Larry E"]
[Result "1/2-1/2"]
[WhiteElo "184"]
[BlackElo "177"]
[EventDate "2014.04.26"]
[PlyCount "76"]
[WhiteTeam "Bourne End"]
[BlackTeam "Wanstead & Woodford 1"]

1.e4 e5 2.Nf3 Nc6 3.Bb5 a6 4.Ba4 Nf6 5.O-O Be7 6.Re1 b5 7.Bb3 d6 8.c3 O-O 
9.h3 Nd7 10.d4 Bf6 11.a4 Rb8 12.axb5 axb5 13.Be3 exd4 14.cxd4 Re8 15.Nbd2 
Nb6 16.Qb1 d5 17.e5 Be7 18.Bc2 g6 19.Nf1 Nb4 20.Ng3 Nxc2 21.Qxc2 Nc4 22.
Bh6 b4 23.Qc1 b3 24.Bg5 Bxg5 25.Nxg5 h6 26.Nf3 Kg7 27.Nd2 Be6 28.Ngf1 Qd7 
29.Ne3 Qb5 30.Nexc4 dxc4 31.Ne4 Qd5 32.Nf6 Qxd4 33.Nxe8+ Rxe8 34.Re2 Rd8 
35.Qe1 Bf5 36.Rc1 Bc2 37.Rexc2 bxc2 38.Rxc2 Re8 1/2-1/2

[Event "4NCL u175 Section"]
[Site "De Vere High Wycombe ENG"]
[Date "2014.04.26"]
[Round "1.23"]
[White "Hunnable, Ian D"]
[Black "Turner, David J"]
[Result "1-0"]
[WhiteElo "169"]
[BlackElo "150"]
[EventDate "2014.04.26"]
[PlyCount "83"]
[WhiteTeam "Wanstead & Woodford 1"]
[BlackTeam "Bourne End"]

1.Nf3 Nf6 2.d4 g6 3.Nc3 d6 4.e4 Bg7 5.Bc4 c6 6.a4 O-O 7.O-O d5 8.Bd3 dxe4 
9.Nxe4 Bg4 10.c3 Nbd7 11.h3 Bxf3 12.Qxf3 Nxe4 13.Bxe4 Nf6 14.Bc2 Qd5 15.
Qe2 Rfe8 16.Bf4 Nh5 17.Be3 e5 18.dxe5 Rxe5 19.Rfd1 Qe6 20.Qf3 Nf6 21.Rab1 
Rd5 22.Bd4 Rd6 23.Re1 Qd5 24.Qd1 Qh5 25.Qxh5 Nxh5 26.Bxg7 Kxg7 27.Re7 Rb8 
28.Bb3 Rf6 29.Rd1 b5 30.a5 b4 31.c4 Ra8 32.c5 Kf8 33.Rdd7 h6 34.Rxa7 Rxa7 
35.Rxa7 Nf4 36.Rc7 Nd5 37.Bxd5 cxd5 38.c6 d4 39.a6 d3 40.a7 d2 41.a8=Q+ 
Kg7 42.Rd7 1-0

[Event "4NCL u175 Section"]
[Site "De Vere High Wycombe ENG"]
[Date "2014.04.26"]
[Round "1.24"]
[White "Hawkins, Kevin F"]
[Black "Staniland, Philip"]
[Result "1/2-1/2"]
[WhiteElo "144"]
[BlackElo "161"]
[EventDate "2014.04.26"]
[PlyCount "59"]
[WhiteTeam "Bourne End"]
[BlackTeam "Wanstead & Woodford 1"]

1.e4 c6 2.d4 d5 3.e5 c5 4.c3 Nc6 5.Be3 cxd4 6.Bxd4 Nxd4 7.Qxd4 a6 8.Bd3 e6
9.Nd2 Ne7 10.Nb3 Nc6 11.Qe3 Qc7 12.f4 g5 13.g3 Bd7 14.Nf3 h6 15.fxg5 O-O-O
16.Nbd4 hxg5 17.Nxc6 Bxc6 18.O-O g4 19.Nd4 Bh6 20.Qe2 Be8 21.Rae1 Rg8 22.
Rf6 Bg5 23.Rff1 Kb8 24.Kg2 Bh6 25.Rf6 Bg5 26.Rf2 Be7 27.Rf4 Qb6 28.Rb1 Qc7
29.Re1 Qb6 30.Rb1 1/2-1/2

[Event "4NCL u175 Section"]
[Site "De Vere High Wycombe ENG"]
[Date "2014.04.26"]
[Round "1.31"]
[White "Bullen, Alex"]
[Black "Stille, Alexander M"]
[Result "1/2-1/2"]
[WhiteElo "177"]
[BlackElo "189"]
[EventDate "2014.04.26"]
[PlyCount "40"]
[WhiteTeam "Wycombe & Hazlemere"]
[BlackTeam "GLCC 1"]

1.d4 d5 2.Nf3 Nf6 3.c3 g6 4.e3 Bg7 5.b4 O-O 6.Bb2 Nbd7 7.c4 c6 8.Nc3 a5 9.
b5 a4 10.Ba3 Re8 11.Rc1 dxc4 12.Bxc4 Nb6 13.Bd3 Be6 14.bxc6 bxc6 15.O-O 
Nc4 16.Bxc4 Bxc4 17.Re1 Nd5 18.Qd2 Qa5 19.Nxd5 cxd5 20.Bb4 Qa6 1/2-1/2

[Event "4NCL u175 Section"]
[Site "De Vere High Wycombe ENG"]
[Date "2014.04.26"]
[Round "1.32"]
[White "Blades, Nigel W"]
[Black "Symonds, Richard H"]
[Result "1/2-1/2"]
[WhiteElo "175"]
[BlackElo "173"]
[EventDate "2014.04.26"]
[PlyCount "77"]
[WhiteTeam "GLCC 1"]
[BlackTeam "Wycombe & Hazlemere"]

1.d4 f5 2.e4 fxe4 3.Nc3 Nf6 4.f3 d5 5.fxe4 dxe4 6.Bc4 Bf5 7.Nge2 Nc6 8.O-O
Qd7 9.d5 Ne5 10.Bb5 c6 11.dxc6 bxc6 12.Qxd7+ Bxd7 13.Ba6 e6 14.Bg5 Bc5+ 
15.Kh1 O-O 16.Bxf6 gxf6 17.Nxe4 Be7 18.Nf4 Rab8 19.b3 Rb6 20.Be2 f5 21.Nd2
Kh8 22.Rad1 Bc8 23.Nc4 Nxc4 24.Bxc4 e5 25.Rfe1 e4 26.g3 Bb4 27.Re2 Re8 28.
Bf7 Rf8 29.Be6 Ba6 30.c4 Rbb8 31.g4 fxg4 32.Rxe4 Rbe8 33.Nd3 Bd6 34.Bf5 h5
35.Rxe8 Rxe8 36.Re1 Rxe1+ 37.Nxe1 Kg7 38.Be4 c5 39.Nd3 1/2-1/2

[Event "4NCL u175 Section"]
[Site "De Vere High Wycombe ENG"]
[Date "2014.04.26"]
[Round "1.33"]
[White "Finn, Peter"]
[Black "Middleton, Tom"]
[Result "1-0"]
[WhiteElo "156"]
[BlackElo "168"]
[EventDate "2014.04.26"]
[PlyCount "61"]
[WhiteTeam "Wycombe & Hazlemere"]
[BlackTeam "GLCC 1"]

1.e4 d5 2.exd5 Qxd5 3.Nc3 Qa5 4.d4 c6 5.g3 Nf6 6.Bg2 Bf5 7.Nf3 e6 8.Bd2 
Qd8 9.O-O Bd6 10.Ne5 O-O 11.Re1 Qb6 12.Bc1 Qc7 13.Bf4 Nd5 14.Nxd5 cxd5 15.
Rc1 Na6 16.g4 Bg6 17.Nxg6 hxg6 18.Bxd6 Qxd6 19.c4 dxc4 20.Rxc4 Rfd8 21.
Bxb7 Rab8 22.Qf3 Nb4 23.a3 Nd3 24.Re3 Nxb2 25.Rb4 Rd7 26.Rxb2 Qc7 27.Rc3 
Qd6 28.Rbc2 f6 29.Rc8+ Kf7 30.R2c6 Qxd4 31.Rxb8 1-0

[Event "4NCL u175 Section"]
[Site "De Vere High Wycombe ENG"]
[Date "2014.04.26"]
[Round "1.34"]
[White "Robinson, James M"]
[Black "Melsom, Jonathan T"]
[Result "1/2-1/2"]
[WhiteElo "161"]
[BlackElo "147"]
[EventDate "2014.04.26"]
[PlyCount "70"]
[WhiteTeam "GLCC 1"]
[BlackTeam "Wycombe & Hazlemere"]

1.d4 Nf6 2.Nf3 e6 3.Bg5 d5 4.e3 c5 5.c3 h6 6.Bh4 Be7 7.Bb5+ Bd7 8.Bxd7+ 
Nbxd7 9.Nbd2 O-O 10.O-O Ne4 11.Bxe7 Qxe7 12.Nxe4 dxe4 13.Nd2 f5 14.Qb3 b6 
15.f3 exf3 16.Rxf3 Rae8 17.Raf1 Kh8 18.Qc2 cxd4 19.exd4 Nf6 20.Nc4 Nd7 21.
Re1 b5 22.Ne5 Nxe5 23.Rxe5 Qd7 24.Qb3 a6 25.Rfe3 f4 26.R3e4 f3 27.Rxe6 
fxg2 28.Rxe8 Rxe8 29.Rxe8+ Qxe8 30.Qc2 Qe3+ 31.Kxg2 Qg5+ 32.Kf1 Qf4+ 33.
Ke1 Qe3+ 34.Qe2 Qc1+ 35.Kf2 Qf4+ 1/2-1/2

[Event "4NCL u175 Section"]
[Site "De Vere High Wycombe ENG"]
[Date "2014.04.26"]
[Round "1.41"]
[White "Frostick, Clive A"]
[Black "Calvert, D Ian"]
[Result "1/2-1/2"]
[WhiteElo "201"]
[BlackElo "172"]
[EventDate "2014.04.26"]
[PlyCount "37"]
[WhiteTeam "Farnham"]
[BlackTeam "Metropolitan"]

1.e4 d5 2.exd5 Qxd5 3.Nf3 Bg4 4.Be2 Nc6 5.d4 O-O-O 6.c4 Qf5 7.Be3 Bxf3 8.
Bxf3 Nxd4 9.Bxd4 Qe6+ 10.Be2 Qe4 11.Nc3 Qxd4 12.Qxd4 Rxd4 13.Nb5 Rd7 14.
Nxa7+ Kb8 15.Nb5 e6 16.a3 Nf6 17.Rd1 Rxd1+ 18.Bxd1 Be7 19.Ke2 1/2-1/2

[Event "4NCL u175 Section"]
[Site "De Vere High Wycombe ENG"]
[Date "2014.04.26"]
[Round "1.42"]
[White "Dickson, George A"]
[Black "Hasson, Peter"]
[Result "0-1"]
[WhiteElo "169"]
[BlackElo "178"]
[EventDate "2014.04.26"]
[PlyCount "104"]
[WhiteTeam "Metropolitan"]
[BlackTeam "Farnham"]

1.d4 d5 2.Bf4 Nf6 3.e3 Bg4 4.Be2 Bxe2 5.Qxe2 c6 6.Nf3 Qb6 7.c3 Nbd7 8.O-O 
e6 9.h3 Be7 10.Qc2 O-O 11.Nbd2 c5 12.Ne5 Rac8 13.Qb3 Nxe5 14.Qxb6 axb6 15.
Bxe5 Nd7 16.Bg3 b5 17.a4 b4 18.Rfc1 c4 19.e4 b3 20.exd5 exd5 21.Re1 Rfe8 
22.Nf1 Bg5 23.f4 Bh6 24.Ne3 Nf6 25.Nf5 Ne4 26.Bh4 Bxf4 27.Ne7+ Rxe7 28.
Bxe7 f5 29.Bb4 h5 30.a5 Rc6 31.Re2 Bg3 32.a6 Rxa6 33.Ra5 Kf7 34.Kf1 Ke6 
35.Kg1 g5 36.Kf1 g4 37.hxg4 hxg4 38.Rxa6+ bxa6 39.Ba5 Kd6 40.Bd8 Kd7 41.
Ba5 Kc6 42.Bd8 Kb5 43.Be7 a5 44.Ba3 Kc6 45.Be7 a4 46.Ba3 Kd7 47.Bb4 Ke6 
48.Ba3 f4 49.Bb4 Kf5 50.Bd6 f3 51.gxf3 gxf3 52.Rxe4 dxe4 0-1

[Event "4NCL u175 Section"]
[Site "De Vere High Wycombe ENG"]
[Date "2014.04.26"]
[Round "1.43"]
[White "Richardson, Kevin D"]
[Black "McGuinness, Andrew"]
[Result "1-0"]
[WhiteElo "166"]
[BlackElo "162"]
[EventDate "2014.04.26"]
[PlyCount "55"]
[WhiteTeam "Farnham"]
[BlackTeam "Metropolitan"]

1.e4 c5 2.Nf3 Nc6 3.d4 cxd4 4.Nxd4 e5 5.Nb5 d6 6.N1c3 Be6 7.Nd5 Bxd5 8.
exd5 Nb8 9.c4 Nd7 10.Be2 Ngf6 11.O-O Be7 12.Be3 a6 13.Na3 O-O 14.b4 b6 15.
Qb3 Kh8 16.Rfd1 Ne8 17.Nc2 Bg5 18.Ne1 f5 19.f3 Qf6 20.Bf2 Qh6 21.h3 f4 22.
Kh2 Be7 23.Bd3 Nef6 24.Bf5 Qh5 25.h4 Qe8 26.Qa4 a5 27.Nd3 h6 28.Qb5 1-0

[Event "4NCL u175 Section"]
[Site "De Vere High Wycombe ENG"]
[Date "2014.04.26"]
[Round "1.44"]
[White "Amusa, Adegbenga"]
[Black "Young, Jonathan G"]
[Result "1/2-1/2"]
[WhiteElo "160"]
[BlackElo "133"]
[EventDate "2014.04.26"]
[PlyCount "87"]
[WhiteTeam "Metropolitan"]
[BlackTeam "Farnham"]

1.d4 Nf6 2.c4 g6 3.Nf3 Bg7 4.g3 d6 5.Bg2 O-O 6.O-O Nbd7 7.Nc3 c6 8.e4 e5 
9.d5 Qc7 10.Qd3 Nc5 11.Qe2 a5 12.b3 Bd7 13.Ba3 Na6 14.Rfc1 Nb4 15.Bb2 Rfd8
16.Ne1 Bh6 17.Rd1 Bg4 18.Nf3 Na6 19.h3 Bd7 20.Bc1 Bxc1 21.Rdxc1 Nc5 22.Qe3
Na6 23.Qh6 Be8 24.g4 Qe7 25.Qh4 Kg7 26.Re1 Nc5 27.Re3 Rd7 28.Ng5 h6 29.Nf3
g5 30.Qg3 Rc7 31.h4 Nh7 32.hxg5 Nxg5 33.Nh4 Bd7 34.Nf5+ Bxf5 35.gxf5 Kh7 
36.Qh2 Rg8 37.Rg3 f6 38.Rf1 Rcc8 39.f4 Nf7 40.Kh1 Rxg3 41.Qxg3 Rg8 42.Qh4 
Nd3 43.Ne2 Nc5 44.Bf3 1/2-1/2

[Event "4NCL u175 Section"]
[Site "De Vere High Wycombe ENG"]
[Date "2014.04.26"]
[Round "2.21"]
[White "Bullen, Alex"]
[Black "Frostick, Clive A"]
[Result "1/2-1/2"]
[WhiteElo "177"]
[BlackElo "201"]
[EventDate "2014.04.26"]
[PlyCount "110"]
[WhiteTeam "Wycombe & Hazlemere"]
[BlackTeam "Farnham"]

1.e4 c5 2.Nf3 Nf6 3.Nc3 Nc6 4.d4 d5 5.e5 cxd4 6.Nb5 Ne4 7.Nbxd4 g6 8.Bd3 
Nc5 9.O-O Bg7 10.Re1 O-O 11.c3 Nxd3 12.Qxd3 Bg4 13.Bf4 Qd7 14.Qe3 Rad8 15.
Ng5 Nxd4 16.cxd4 h6 17.Nf3 g5 18.Bg3 Rc8 19.Rac1 Rxc1 20.Rxc1 Rc8 21.Ne1 
Bf5 22.Rc3 Rxc3 23.Qxc3 Qa4 24.a3 Qd1 25.f3 Qe2 26.Bf2 Bd7 27.Nc2 f5 28.
Ne3 e6 29.Qc2 Qxc2 30.Nxc2 Ba4 31.Nb4 Kf7 32.Be1 Bf8 33.Kf2 Be7 34.Bd2 Bd8
35.Nd3 b6 36.Bb4 Bb5 37.Nc1 f4 38.Ne2 Kg6 39.Bd2 Kf5 40.h3 Be7 41.Bc1 Bd3 
42.Bd2 a5 43.b4 axb4 44.axb4 h5 45.Nc1 Bc4 46.Ne2 h4 47.Bc3 Kg6 48.Ke1 Kf7
49.Bd2 Ke8 50.Kf2 Kd7 51.Nc3 Kc6 52.Nb1 Bd3 53.Na3 Bd8 54.Bc3 Bc4 55.Ke1 
Bb3 1/2-1/2

[Event "4NCL u175 Section"]
[Site "De Vere High Wycombe ENG"]
[Date "2014.04.26"]
[Round "2.22"]
[White "Hasson, Peter"]
[Black "Symonds, Richard H"]
[Result "1/2-1/2"]
[WhiteElo "178"]
[BlackElo "173"]
[EventDate "2014.04.26"]
[PlyCount "43"]
[WhiteTeam "Farnham"]
[BlackTeam "Wycombe & Hazlemere"]

1.Nf3 f5 2.g3 Nf6 3.Bg2 g6 4.c4 Bg7 5.O-O O-O 6.d4 d6 7.Nc3 Qe8 8.b3 c6 9.
Ba3 a5 10.Rc1 Na6 11.Qd2 Nb4 12.d5 e5 13.dxe6 Qe7 14.Nd4 Bxe6 15.Nc2 Rfd8 
16.Nxb4 axb4 17.Bxb4 c5 18.Nd5 Bxd5 19.Bxd5+ Nxd5 20.Qxd5+ Qf7 21.Qxf7+ 
Kxf7 22.Bc3 1/2-1/2

[Event "4NCL u175 Section"]
[Site "De Vere High Wycombe ENG"]
[Date "2014.04.26"]
[Round "2.23"]
[White "Finn, Peter"]
[Black "Richardson, Kevin D"]
[Result "1/2-1/2"]
[WhiteElo "156"]
[BlackElo "166"]
[EventDate "2014.04.26"]
[PlyCount "77"]
[WhiteTeam "Wycombe & Hazlemere"]
[BlackTeam "Farnham"]

1.e4 c5 2.Nf3 Nc6 3.d4 cxd4 4.Nxd4 g6 5.c4 Bg7 6.Be3 Nf6 7.Nc3 O-O 8.f3 d6
9.Be2 Bd7 10.O-O a5 11.Rc1 Nxd4 12.Bxd4 Bc6 13.Qd2 Nd7 14.Bxg7 Kxg7 15.Nd5
Nc5 16.b3 b6 17.g3 e6 18.Nc3 Qe7 19.Rcd1 Rfd8 20.h4 Ra7 21.Kh2 f5 22.Qe3 
e5 23.exf5 gxf5 24.Nd5 Bxd5 25.Rxd5 Qf6 26.Qg5+ Kf7 27.f4 Qxg5 28.hxg5 Re7
29.fxe5 Rxe5 30.Rxe5 dxe5 31.Rxf5+ Kg6 32.Rf6+ Kxg5 33.Rxb6 Rd2 34.Kh3 
Rxa2 35.Rb5 Ne6 36.Rxe5+ Kf6 37.Rd5 a4 38.bxa4 Rxa4 39.Bd3 1/2-1/2

[Event "4NCL u175 Section"]
[Site "De Vere High Wycombe ENG"]
[Date "2014.04.26"]
[Round "2.24"]
[White "Young, Jonathan G"]
[Black "Melsom, Jonathan T"]
[Result "0-1"]
[WhiteElo "133"]
[BlackElo "147"]
[EventDate "2014.04.26"]
[PlyCount "92"]
[WhiteTeam "Farnham"]
[BlackTeam "Wycombe & Hazlemere"]

1.e4 e6 2.d4 d5 3.Nd2 Nf6 4.e5 Nfd7 5.Ngf3 c5 6.c3 Nc6 7.Nb3 a5 8.Bb5 a4 
9.Bxc6 bxc6 10.Nbd2 c4 11.O-O Qa5 12.Nb1 c5 13.Re1 Be7 14.Be3 O-O 15.Na3 
Bb7 16.Nc2 Rfb8 17.Qc1 Qc7 18.Bf4 Nf8 19.Rb1 Bc6 20.Bg5 Ng6 21.h4 h6 22.
Bxe7 Qxe7 23.h5 Nh4 24.Qf4 Nxf3+ 25.Qxf3 Be8 26.Qg4 Rb6 27.Na3 Rab8 28.Qe2
cxd4 29.cxd4 c3 30.Rec1 cxb2 31.Rc5 Qh4 32.Nc2 Bb5 33.Qf3 Bc4 34.Rc7 Rf8 
35.Qa3 Qxh5 36.Rxb2 Qd1+ 37.Kh2 Rxb2 38.Qxb2 Qd2 39.Kg3 a3 40.Qb1 Bd3 41.
Qb3 Bxc2 42.Qxc2 Qxd4 43.f4 Qe3+ 44.Kg4 h5+ 45.Kxh5 Qxf4 46.Qc3 g6# 0-1

[Event "4NCL u175 Section"]
[Site "De Vere High Wycombe ENG"]
[Date "2014.04.26"]
[Round "2.31"]
[White "Stille, Alexander M"]
[Black "Cheslavskiy, Maksim"]
[Result "1-0"]
[WhiteElo "189"]
[BlackElo "186"]
[EventDate "2014.04.26"]
[PlyCount "47"]
[WhiteTeam "GLCC 1"]
[BlackTeam "Wanstead & Woodford 1"]

1.d4 Nc6 2.e4 e5 3.Nf3 d6 4.dxe5 Nxe5 5.Nxe5 dxe5 6.Qxd8+ Kxd8 7.Bc4 f6 8.
Nc3 c6 9.Be3 Bd6 10.O-O-O Kc7 11.Rd3 h5 12.Rhd1 Be7 13.Bf7 g5 14.f3 h4 15.
Be8 Be6 16.Bd7 Bc4 17.R3d2 Bb4 18.Bh3 c5 19.Rd7+ Kb6 20.R1d6+ Ka5 21.Rxb7 
Bxc3 22.bxc3 a6 23.Bxc5 f5 24.Rb4 1-0

[Event "4NCL u175 Section"]
[Site "De Vere High Wycombe ENG"]
[Date "2014.04.26"]
[Round "2.32"]
[White "Marden, Larry E"]
[Black "Blades, Nigel W"]
[Result "1/2-1/2"]
[WhiteElo "177"]
[BlackElo "175"]
[EventDate "2014.04.26"]
[PlyCount "88"]
[WhiteTeam "Wanstead & Woodford 1"]
[BlackTeam "GLCC 1"]

1.d4 Nf6 2.c4 e6 3.Nc3 d5 4.Bg5 Nbd7 5.e3 c6 6.Nf3 Qa5 7.cxd5 Nxd5 8.Qd2 
Bb4 9.Rc1 Nxc3 10.bxc3 Ba3 11.Rb1 O-O 12.Bd3 e5 13.O-O exd4 14.cxd4 Qxd2 
15.Nxd2 Nb6 16.Nc4 Nxc4 17.Bxc4 b6 18.Rfd1 Bf5 19.Bd3 Be6 20.Rd2 h6 21.Bf4
Rfd8 22.Rc2 c5 23.Be4 Bd5 24.Bxd5 Rxd5 25.Rc3 Bb4 26.Rcb3 Rad8 27.h3 Ba5 
28.dxc5 Rxc5 29.e4 Rc4 30.f3 Bd2 31.Bxd2 Rxd2 32.R3b2 Rcc2 33.Rxc2 Rxc2 
34.a4 Ra2 35.Rb4 Kf8 36.h4 h5 37.Rc4 Ke8 38.Kh2 Kd7 39.Kg3 g6 40.Kf4 Rxg2 
41.e5 Re2 42.Rd4+ Ke7 43.Rc4 Kd7 44.Rd4+ Ke7 1/2-1/2

[Event "4NCL u175 Section"]
[Site "De Vere High Wycombe ENG"]
[Date "2014.04.26"]
[Round "2.33"]
[White "Middleton, Tom"]
[Black "Hunnable, Ian D"]
[Result "1/2-1/2"]
[WhiteElo "168"]
[BlackElo "169"]
[EventDate "2014.04.26"]
[PlyCount "47"]
[WhiteTeam "GLCC 1"]
[BlackTeam "Wanstead & Woodford 1"]

1.e4 e6 2.Qe2 c5 3.Nf3 b6 4.g3 Bb7 5.Bg2 d6 6.O-O Nd7 7.c4 Ngf6 8.Nc3 Be7 
9.d4 cxd4 10.Nxd4 O-O 11.b3 a6 12.Bb2 Qc7 13.Rfd1 Rad8 14.Rac1 Qb8 15.Nc2 
Rfe8 16.Ne3 Bf8 17.Rd2 Nc5 18.Ng4 Nxg4 19.Qxg4 Qa8 20.Qf3 Bc6 21.Rcd1 Qb8 
22.Qf4 Rd7 23.Bh3 Red8 24.Qe3 1/2-1/2

[Event "4NCL u175 Section"]
[Site "De Vere High Wycombe ENG"]
[Date "2014.04.26"]
[Round "2.34"]
[White "Staniland, Philip"]
[Black "Robinson, James M"]
[Result "0-1"]
[WhiteElo "161"]
[BlackElo "161"]
[EventDate "2014.04.26"]
[PlyCount "57"]
[WhiteTeam "Wanstead & Woodford 1"]
[BlackTeam "GLCC 1"]

1.d4 Nf6 2.Bf4 d5 3.e3 e6 4.Nf3 Bd6 5.Bg3 Bxg3 6.hxg3 Ng4 7.Bd3 Nf6 8.Nbd2
Nc6 9.c3 a6 10.Qc2 h6 11.O-O-O Bd7 12.e4 dxe4 13.Nxe4 Nxe4 14.Bxe4 Qf6 15.
Ne5 Nxe5 16.dxe5 Qxe5 17.Bxb7 Rd8 18.Bxa6 O-O 19.Bc4 Bc6 20.Rxd8 Rxd8 21.
Rd1 Rxd1+ 22.Qxd1 Bxg2 23.Qd8+ Kh7 24.Qd2 Qc5 25.Bb3 g5 26.Bc2+ Kg7 27.
Qd4+ Qxd4 28.cxd4 h5 29.Kd2 0-1

[Event "4NCL u175 Section"]
[Site "De Vere High Wycombe ENG"]
[Date "2014.04.26"]
[Round "2.41"]
[White "de Coverly, Roger D"]
[Black "Calvert, D Ian"]
[Result "1/2-1/2"]
[WhiteElo "181"]
[BlackElo "172"]
[EventDate "2014.04.26"]
[PlyCount "92"]
[WhiteTeam "Bourne End"]
[BlackTeam "Metropolitan"]

1.Nf3 d5 2.g3 Nf6 3.Bg2 g6 4.O-O Bg7 5.d3 O-O 6.Nbd2 Nc6 7.c4 dxc4 8.Nxc4 
Be6 9.Bf4 Nd5 10.Bd2 Nb6 11.Qc2 Nxc4 12.dxc4 Nd4 13.Nxd4 Qxd4 14.b3 c6 15.
Rac1 Rfd8 16.Bc3 Qxc3 17.Qxc3 Bxc3 18.Rxc3 Rd2 19.a4 Rxe2 20.b4 a6 21.b5 
axb5 22.axb5 Raa2 23.bxc6 bxc6 24.Bxc6 Rec2 25.Rxc2 Rxc2 26.Bd5 Bxd5 27.
cxd5 Rd2 28.Re1 Kf8 29.h4 h5 30.Kg2 Rxd5 31.Ra1 f6 32.Ra6 Kf7 33.Rb6 Rd2 
34.Ra6 e5 35.Kf3 f5 36.Ke3 Rd7 37.Rb6 Re7 38.Ra6 Re6 39.Ra7+ Kf6 40.Ra8 
Rb6 41.Ra5 Rb3+ 42.Ke2 f4 43.gxf4 exf4 44.Ra6+ Kf5 45.Ra5+ Kf6 46.Ra6+ Kf5
1/2-1/2

[Event "4NCL u175 Section"]
[Site "De Vere High Wycombe ENG"]
[Date "2014.04.26"]
[Round "2.42"]
[White "Dickson, George A"]
[Black "James, Stephen B"]
[Result "1/2-1/2"]
[WhiteElo "169"]
[BlackElo "184"]
[EventDate "2014.04.26"]
[PlyCount "134"]
[WhiteTeam "Metropolitan"]
[BlackTeam "Bourne End"]

1.d4 Nf6 2.Bf4 g6 3.e3 Bg7 4.Nd2 d6 5.Ngf3 O-O 6.Be2 c5 7.c3 Be6 8.O-O Qb6
9.Nc4 Qc7 10.dxc5 Qxc5 11.Qd4 Qc8 12.Ng5 Nc6 13.Qd1 Bd7 14.Nf3 h6 15.Bg3 
Ne4 16.Nfd2 Nxg3 17.hxg3 b5 18.Na3 b4 19.Nab1 Rb8 20.Nb3 a5 21.Qd2 a4 22.
Nd4 a3 23.bxa3 bxc3 24.Nxc3 Nxd4 25.exd4 Qd8 26.Nd5 e6 27.Nb4 Qa5 28.Qe3 
Ra8 29.Rab1 Qxa3 30.Rb3 Qa7 31.d5 Qxe3 32.fxe3 exd5 33.Bf3 Be6 34.Bxd5 
Bxd5 35.Nxd5 Rxa2 36.Nf6+ Kh8 37.Rb7 Bxf6 38.Rxf6 Kg7 39.Rxd6 Rc8 40.Rdd7 
Rc1+ 41.Kh2 Rf1 42.g4 Rff2 43.Kh3 g5 44.e4 Ra3+ 45.Kh2 Re3 46.Re7 Rf4 47.
e5 Kf8 48.g3 Rf2+ 49.Kg1 Rff3 50.e6 Rxe6 51.Rxe6 fxe6 52.Kg2 Rf7 53.Rb6 
Ke7 54.Rb3 Kf6 55.Rb8 Ke5 56.Rd8 Rf6 57.Rd1 Ke4 58.Rd6 Ke5 59.Rd8 Rf7 60.
Rh8 Rf6 61.Rd8 Ke4 62.Rd6 Rg6 63.Kf2 Ke5 64.Rd8 Kf6 65.Ke3 Ke7 66.Rh8 Kd6 
67.Ke4 Rf6 1/2-1/2

[Event "4NCL u175 Section"]
[Site "De Vere High Wycombe ENG"]
[Date "2014.04.26"]
[Round "2.43"]
[White "Turner, David J"]
[Black "McGuinness, Andrew"]
[Result "1/2-1/2"]
[WhiteElo "150"]
[BlackElo "162"]
[EventDate "2014.04.26"]
[PlyCount "65"]
[WhiteTeam "Bourne End"]
[BlackTeam "Metropolitan"]

1.Nf3 c5 2.g3 g6 3.Bg2 Bg7 4.O-O Nc6 5.d3 d6 6.e4 e5 7.Nc3 Nge7 8.Bg5 h6 
9.Bxe7 Nxe7 10.Qe2 O-O 11.Nd2 Be6 12.Nc4 Qd7 13.a4 Rad8 14.Ne3 b6 15.Rab1 
Bh3 16.Bxh3 Qxh3 17.Ncd5 Nc6 18.c3 f5 19.f4 Rf7 20.Qg2 Qxg2+ 21.Kxg2 fxe4 
22.dxe4 exf4 23.Rxf4 Rxf4 24.gxf4 Kf7 25.Kf3 Bf8 26.Rg1 Ne7 27.Nxe7 Bxe7 
28.Nd5 Bf8 29.h3 Rb8 30.c4 Bg7 31.b3 Bd4 32.Rg2 Rb7 33.Rg4 1/2-1/2

[Event "4NCL u175 Section"]
[Site "De Vere High Wycombe ENG"]
[Date "2014.04.26"]
[Round "2.44"]
[White "Amusa, Adegbenga"]
[Black "Hawkins, Kevin F"]
[Result "1-0"]
[WhiteElo "160"]
[BlackElo "144"]
[EventDate "2014.04.26"]
[PlyCount "55"]
[WhiteTeam "Metropolitan"]
[BlackTeam "Bourne End"]

1.d4 Nf6 2.c4 c5 3.Nf3 cxd4 4.Nxd4 g6 5.Nc3 Bg7 6.e4 d6 7.Be2 Nbd7 8.Be3 
O-O 9.O-O Nc5 10.f3 a6 11.b4 Ncd7 12.Qd2 Re8 13.Rfc1 e6 14.Rd1 Qc7 15.Na4 
d5 16.cxd5 exd5 17.Rac1 Qd6 18.exd5 Nxd5 19.Nc2 N7f6 20.Nb6 Rxe3 21.Nxa8 
Re8 22.Ne3 Be6 23.Nxd5 Bxd5 24.Nc7 Qb6+ 25.Kh1 Re7 26.Nxd5 Nxd5 27.Rc8+ 
Bf8 28.Qh6 1-0

[Event "4NCL u175 Section"]
[Site "De Vere High Wycombe ENG"]
[Date "2014.04.27"]
[Round "3.21"]
[White "Calvert, D Ian"]
[Black "Bullen, Alex"]
[Result "1/2-1/2"]
[WhiteElo "172"]
[BlackElo "177"]
[EventDate "2014.04.27"]
[PlyCount "91"]
[WhiteTeam "Metropolitan"]
[BlackTeam "Wycombe & Hazlemere"]

1.b3 d5 2.Bb2 Nf6 3.Nf3 c6 4.g3 Bf5 5.Bg2 h6 6.c4 e6 7.O-O Nbd7 8.d3 Be7 
9.Nbd2 O-O 10.a3 a5 11.Ne5 Nxe5 12.Bxe5 Qb6 13.Nf3 Rfd8 14.Qc2 Ng4 15.Bd4 
Bc5 16.Bxc5 Qxc5 17.Qb2 Qe7 18.h3 Nf6 19.Ne5 Nd7 20.Nxd7 Rxd7 21.cxd5 exd5
22.d4 Re8 23.e3 Qd8 24.Rfc1 Bd3 25.Bf1 Bxf1 26.Kxf1 Qf6 27.Kg2 g5 28.b4 
axb4 29.axb4 Rc8 30.Ra7 Qd8 31.Qa3 Qb6 32.Qa5 Qc7 33.b5 Qxa5 34.Rxa5 Rdc7 
35.bxc6 bxc6 36.Rac5 Kg7 37.f3 f5 38.e4 fxe4 39.fxe4 dxe4 40.Re5 Rd7 41.
Rxe4 Rcd8 42.Rxc6 Rxd4 43.Re7+ Kf8 44.Rh7 R4d6 45.Rh8+ Kg7 46.Rxd8 1/2-1/2

[Event "4NCL u175 Section"]
[Site "De Vere High Wycombe ENG"]
[Date "2014.04.27"]
[Round "3.22"]
[White "Symonds, Richard H"]
[Black "Dickson, George A"]
[Result "1/2-1/2"]
[WhiteElo "173"]
[BlackElo "169"]
[EventDate "2014.04.27"]
[PlyCount "119"]
[WhiteTeam "Wycombe & Hazlemere"]
[BlackTeam "Metropolitan"]

1.d4 Nf6 2.c4 g6 3.Nc3 d5 4.cxd5 Nxd5 5.e4 Nxc3 6.bxc3 Bg7 7.Bg5 c5 8.Rc1 
O-O 9.d5 h6 10.Be3 Qa5 11.Qd2 Kh7 12.Bd3 Nd7 13.Nf3 b5 14.O-O c4 15.Bb1 
Bb7 16.h4 Nf6 17.Bd4 Qc7 18.Rfe1 Rad8 19.Be5 Qd7 20.Rcd1 Nh5 21.Bxg7 Nxg7 
22.Ne5 Qc7 23.Ng4 Rh8 24.Nxh6 e5 25.Ng4 Ne8 26.g3 Kg7 27.Qe3 Bc8 28.Nh2 
Rh5 29.Rd2 Nf6 30.Bc2 Ng4 31.Nxg4 Bxg4 32.Bd1 Bxd1 33.Rdxd1 Qd7 34.Qf3 
Rdh8 35.Kf1 Qd6 36.Rb1 Rb8 37.Qe3 a6 38.Kg2 Rhh8 39.Rf1 Rhe8 40.Rh1 Rh8 
41.g4 Qd7 42.f3 Qd8 43.h5 g5 44.Rhd1 Kf6 45.Rd2 Qd6 46.Rdb2 Qa3 47.Qd2 Rb6
48.Rb4 Rhb8 49.Qb2 Qxb2+ 50.R4xb2 a5 51.a3 Kg7 52.Kf2 a4 53.Rh1 Kh7 54.Rd1
Rd6 55.Rdb1 Rdb6 56.Rb4 f6 57.Rg1 R8b7 58.Rbb1 Rd6 59.Ke2 Rb8 60.Rg2 
1/2-1/2

[Event "4NCL u175 Section"]
[Site "De Vere High Wycombe ENG"]
[Date "2014.04.27"]
[Round "3.23"]
[White "Lees, Fraser A"]
[Black "Finn, Peter"]
[Result "0-1"]
[WhiteElo "151"]
[BlackElo "156"]
[EventDate "2014.04.27"]
[PlyCount "81"]
[WhiteTeam "Metropolitan"]
[BlackTeam "Wycombe & Hazlemere"]

1.f4 c5 2.b3 Nc6 3.Bb2 Nf6 4.Nf3 g6 5.e3 Bg7 6.Be2 O-O 7.O-O d5 8.Ne5 Qb6 
9.Nc3 e6 10.Nxc6 Qxc6 11.Bf3 b5 12.Ne2 a5 13.c4 bxc4 14.bxc4 Ba6 15.d3 Qb6
16.Qc2 dxc4 17.dxc4 Bb7 18.Be5 Bxf3 19.Rxf3 Qc6 20.Nc3 Nd7 21.Bxg7 Kxg7 
22.Rd1 Rfd8 23.f5 exf5 24.Nd5 Nf6 25.Qc3 Rd6 26.e4 fxe4 27.Rxf6 Rxf6 28.
Rf1 Qa4 29.Nxf6 Qb4 30.Qe5 Qb8 31.Qa1 Qd8 32.Ng4+ Qd4+ 33.Qxd4+ cxd4 34.
Rd1 f5 35.Ne5 Re8 36.Nc6 d3 37.Kf1 Rc8 38.Nxa5 Rc5 39.Nb3 Rxc4 40.Kf2 f4 
41.Ke1 0-1